00223nam a2200085Ia 4500008004100000100001900041245003900060260002900099300000900128201231s9999 xx 000 0 und d aRosch, Winn L. 0a(The) Winn L. Rosch Hardware Bible aNew DelhibPrentice-Hall a1520